| 000 | 01766nam a22001577a 4500 | ||
|---|---|---|---|
| 999 |
_c528104 _d528104 |
||
| 008 | 241112b ||||| |||| 00| 0 eng d | ||
| 100 |
_aCui, Can, Chen, Wenna and Yi, Hongtao _959481 |
||
| 245 | _aLeadership transfer networks and regional environmental governance performance | ||
| 260 | _aUrban Affairs Review | ||
| 300 | _a60(2), Mar, 2024: p.488-514 | ||
| 520 | _aIn response to the increasing attention paid to environmental governance and leadership mobility, this study explores the interactions between leadership mobility and environmental governance performance. From the perspective of networks, this study aims to determine whether leadership mobility networks shape environmental governance outcomes. We argue that leadership transfer networks affect local water governance performance, which is particularly evident when leadership mobility occurs between cities with similar institutional environments. We collected managers’ career data and water governance performance from forty-one cities located in the Pan-Yangtze River Delta region in China from 2011 to 2015. Methodologically, we employ spatial temporal autoregressive models to test the hypotheses and confirm the effects of the leadership transfer network on the homogeneity of water governance performance across the region. Theoretically, this study advances the institutional collective action framework in regional water governance by providing supplementary mechanisms from the perspective of agent network diffusion.- Reproduced https://journals.sagepub.com/doi/full/10.1177/10780874231169920 | ||
| 650 |
_aLeadership transfer networks, Environmental governance, Regional governance. _948647 |
||
| 773 | _aUrban Affairs Review | ||
| 906 | _aENVIRONMENT | ||
| 942 | _cAR | ||